| 000 | 00627cam a2200241 4500 | ||
|---|---|---|---|
| 001 | M2238 | ||
| 008 | 090401t1996 xxu||||| |||| 00| 0 eng d | ||
| 035 | _a(Sirsi) u37408 | ||
| 041 | _aeng | ||
| 050 | _a690.029 | ||
| 110 |
_aConstruction News _92644 |
||
| 245 | _a? Where hire `96: the contractors guide to plant hire companies throughout the UK. | ||
| 250 | _a4th ed. | ||
| 260 |
_aLondon _bEMAP Construct _c1996 |
||
| 300 | _a320p. ; 30cm. | ||
| 350 | _a20 | ||
| 650 | _aBUILDING EQUIPMENT | ||
| 650 | _aDIRECTORIES | ||
| 650 | _aPLANT HIRE | ||
| 690 | _aBUILT ENVIRONMENT | ||
| 942 | _n0 | ||
| 948 | _c04/03/1997 | ||
| 999 |
_c90475 _d90475 |
||